Statistiques concernant Culture Générale - Série 1491

Cliquez ici pour prendre le quiz!

Statistiques générales

  • Ce quiz a été pris 60 fois
  • Le résultat moyen est 6 sur 10

Statistiques - réponses

QuestionRéponse% Correct
A cheval sur quelle chaîne de montagnes se situe le Pays basque ?Pyrénées
93%
Dans le film "La vache et le prisonnier", comment s'appelait la vache de Fernandel ?Marguerite
87%
Les deux seuls États d'Amérique du Sud privés de littoral marin sont : Bolivie et...Paraguay
78%
A quel jeune écrivain français, prénommé Guillaume, doit-on les romans : "Seras-tu là ?", "Je reviens te chercher" et "Parce que je t'aime" ?Guillaume Musso
75%
Quel prénom féminin, signifiant "ambre", désigne l'alerte déclenchée en cas d'enlèvement d'enfant, aux Etats Unis et au Canada ?Amber
67%
Dans "Dumbo", de Walt Disney, quel animal livre le jeune Dumbo à sa mère ?cigogne
53%
Dans l'émission "CocoBoy", quelle série télévisée américaine est parodiée par Stéphane Collaro dans un feuilleton intitulé "Brie-Comte-Robert" ?Dallas
51%
Quel compositeur italien était surnommé par ses contemporains : "il Prete rosso", soit "le prêtre roux" ?Antonio Vivaldi
42%
Quelle héroïne de série américaine, incarnée par Miley Cyrus, doit concilier l'école et sa vie secrète de pop star ?Hannah Montana
33%
Dans quelle série télévisée mythique des années 60, les personnages se saluent-ils en disant : "Bonjour chez vous" ?Le Prisonnier
20%

Distribution des résultats

Percentile par nombre de réponses

% des personnes avec chaque résultat

Votre développement - résultats

Vous n’avez pas pris ce quiz